| 000 | 00832nam a2200301Ia 4500 | ||
|---|---|---|---|
| 008 | 160803s9999 xx 000 0 und d | ||
| 020 | _a9780439385909 | ||
| 100 | _aSlate, Joseph | ||
| 245 | _aMiss Bindergarten stays home from Kindergarten / | ||
| 245 | _cby Joseph Slate ; illustrated by Ashley Wolff [electronic resource] | ||
| 260 | _aNew York : | ||
| 260 | _bScholastic Inc. | ||
| 260 | _c2000 | ||
| 300 | _a1 volume (unpaged) : | ||
| 300 | _bcolor illustrations ; | ||
| 300 | _c29 cm | ||
| 650 | _aAlphabet -- | ||
| 650 | _aAnimals -- | ||
| 650 | _aKindergarten -- | ||
| 650 | _aSchools -- | ||
| 650 | _aSick -- | ||
| 650 | _xJuvenile fiction. | ||
| 650 | _xJuvenile fiction. | ||
| 650 | _xJuvenile fiction. | ||
| 650 | _xJuvenile fiction. | ||
| 650 | _xJuvenile fiction. | ||
| 700 | _a270 | ||
| 999 |
_c299463 _d299463 |
||